000 00487cam a2200193ua 4500
001 734
008 110419n ii |||gr||||Z||||||asm
020 _a81-7339-110-6
040 _cMAIN
082 _a320.5
245 1 _aSnatak rajnaitik sintadhara
_cby Purandar Gogoi
250 _a1st.
260 _aDibrugarh:
_bBanalata,995.
300 _a296p.:
_c20cm.
653 _aPolitical science
653 _aSnatak rajnaitik sintadhara
700 _aGogoi, Purandar.,
_eAuthor.
942 _cBK
999 _c661
_d661